000 01496nam a22002774c 4500
003 AR-BaSMT
008 260427b2026 aga|||br ||| 00| 1 spa d
020 _a9789877363722
040 _aBSGB
_bespañol
_cBSGB
_erda
041 0 _aspa
_hespañol
080 _a82-31
100 1 _aVallejos, Lyna
_9249
245 1 0 _aLyna Vallejos, una familia anormal :
_by unas vacaciones muy extrañas.
250 _aNovena edición
264 _aBuenos aires :
_bAltea ,
_c2026
300 _a112 páginas ;
_bilustraciones color
336 _2rdacontent
_atexto
_btxt
337 _2rdamedia
_asin mediación
_bn
338 _2rdacarrier
_avolumen
_bnc
520 1 _aLa familia anormal tiene nuevos integrantes y después de sus locas aventuras decidieron tomarse unas tranquilas vacaciones para disfrutar el tiempo juntos. Pero por supuesto nada salió como esperaban y una vez más deberán enfrentarse a situaciones increíbles, intensos desafíos y sus vidas correrán peligro a cada instante. ¿Podrán salvarse esta vez? ¿Lograrán disfrutar por fin de sus vacaciones? ¿Quiénes son los nuevos integrantes de la familia? No pierdas más tiempo, descubrilo en esta nueva historia.
_uhttps://www.penguinlibros.com/ar/a-partir-de-7-anos/314883-libro-una-familia-anormal-y-unas-vacaciones-muy-extranas-9789877363722 27/04/2026
521 _aA partir de 8 años
650 7 _98
_aLITERATURA INFANTIL
650 7 _934
_aNOVELA DE AVENTURAS
_zArgentina
942 _2ddc
_aBOOK
999 _c623
_d623